01306cam a2200289 a 4500999001700000001000800017005001700025008004100042010001700083020003200100040001800132043001200150050003000162100002200192245008700214260007700301300006700378440004400445504006600489610002400555650006000579650007300639651005200712856008900764942003700853952012600890 c22435d22435350535520170124104252.0950419s1996 enkaf b 001 0 eng  a 95017386  a0198175191 (acidfree paper) aDLCcDLCdDLC ae-uk-en00aNA5471 b.C954C36 19961 aCampbell, Louise.10aCoventry Cathedral :bart and architecture in post-war Britain /cLouise Campbell. aOxford :bClarendon Press ;aNew York :bOxford University Press,c1996. axviii, 287 p., [16] p. of plates :bill. (some col.) ;c29 cm. 0aClarendon studies in the history of art aIncludes bibliographical references (p. [278]-282) and index.20aCoventry Cathedral. 0aArchitecturezEnglandzCoventryxHistoryy20th century. 0aChristian art and symbolismzEnglandzCoventryyModern period, 1500- 0aCoventry (England)xBuildings, structures, etc.423Publisher descriptionuhttp://www.loc.gov/catdir/enhancements/fy0637/95017386-d.html 2lcccBOOKShNA5471 .C954C36 1996 00102lcc4070aMUCbMUCcTECHd2017-01-24eDonation(BFA)l0oNA5471 .C954C36 1996p31927r2018-07-23w2017-01-24yBOOKS